000 00608nam a2200217Ia 4500
003 GCL
008 140319s9999 xx 000 0 eng d
020 _a0312190379
040 _aGCL /
_cGCL
082 0 4 _a920.72
_bS D
100 1 _aSANCTION, THOMAS
245 1 0 _aDEATH OF A PRINCESS :
_bTHE INVESTIGATION /
_cSANCTION, THOMAS
700 1 _aMACLEOD, SCOTT
260 _aنيويورك :
_bST. MARTINS PRESS ،
_c1998
300 _a299 P
_bILL. ؛
_c24 cm.
650 0 4 _aBIOGRAPHY
650 0 4 _aWOMEN - BIOGRAPHIES
650 0 4 _aDIANA SPENCER
650 0 4 _aPRINCESS - GREAT BRITAIN
942 _2ddc
_cBK
999 _c7386
_d7386